000 00260nam a22001097a 4500
008 170112b xxu||||| |||| 00| 0 eng d
020 _a9791585280598
041 _aeng
080 _23RD
_a618.2
245 _aINTERPRETING LABORATORY DATA
_cLEE, M
942 _2udc
_cBK
999 _c2747
_d2747